=LDR 00000nam 2200000 4500 =001 INLIS000000000027348 =005 20130612125730 =008 ***********************************Ind** =035 ##$$0010-061300000027348 =041 ##$$a Ind =082 ##$$a 155.5 =090 ##$$a 155.5, Ast j =100 ##$$a Asti,BM =245 ##$$a Jangan pacarin gue!:hidup berkah masa depan terarah, BM Asti ; Editor, M Lukman =260 ##$$a 2007 $b Surakarta =300 ##$$a 175 hlm, 16 cm =650 ##$$a Psikologi remaja =700 ##$$a Lukman,M =850 ##$$a NBPNMAT